Datum a čas kvízu
18
Celkem bodů
Celkový počet nahraných bodů na tomto kvízu bez doplňovacích otázek.
11.
Pořadí na kvízu
Konečné umístění týmu na tomto kvízu.
Zaznamenané odpovědi
| # | Otázka | Odpověď | Body | Výsledky |
|---|---|---|---|---|
| 1. | Česká vláda ve středu schválil... | Morava, Dyje | 0 | |
| 2. | V pondělí začalo největší nábo... | v Indii | 0 | |
| 3. | V pondělí byly odhaleny nomina... | Vlny | 1 | |
| 4. | Jak se nazývá kryptoměna, kter... | $Trump | 0 | |
| 5. | V pondělí jsme se na sociálníc... | Adamczykovi | 0 | |
| 6. | Který legendární řemeslník pos... | Daidalos | 0 | |
| 7. | Labyrint je specializovaný org... | D | 0 | |
| 8. | Labyrinty, spirály a podobné o... | Friedensreich Hundertwasser | 0 | |
| 9. | Která kost lebky obsahuje kost... | kost spánková | 0 | |
| 10. | Jak se jmenuje kniha, v níž vy... | Labyrint světa a ráj srdce | 0 |